Visualizzazione normale
Vista MARC
- Elcano, Juan Sebastián de,
di Personal Name
Records bibliografici associati: 1
001 - CONTROL NUMBER
- control field: 70976
003 - CONTROL NUMBER IDENTIFIER
- control field: IT-RoINE
005 - DATE AND TIME OF LATEST TRANSACTION
- control field: 20220309105331.0
008 - FIXED-LENGTH DATA ELEMENTS
- fixed length control field: 220309|| aca||aabn | a|a d
040 ## - CATALOGING SOURCE
- Original cataloging agency: IT-RoINE
- Transcribing agency: IT-RoINE
100 ## - HEADING--PERSONAL NAME
- Personal name: Elcano, Juan Sebastián de,
- Dates associated with a name: ca. 1476-1526
- General subdivision: Testamento
670 ## - SOURCE DATA FOUND
- Source citation: Work cat.: (IT-RoINE)0: Romero Tallafigo, Manuel 30220, El testamento de Juan Sebastián Elcano (1526) :, 2020.